La `culpa in concreto` nel diritto romano e nel diritto odierno / (Record no. 143531)

MARC details
000 -LEADER
campo de control de longitud fija 00676nam a2200205 i 4500
001 - NÚMERO DE CONTROL
campo de control 143531
003 - IDENTIFICADOR DE NÚMERO DE CONTROL
campo de control ES-MaACL
005 - FECHA Y HORA DE LA ÚLTIMA TRANSACCIÓN
campo de control 20230906200835.0
007 - CAMPO FIJO DE DESCRIPCIÓN FÍSICA--INFORMACIÓN GENERAL
campo de control de longitud fija t|
008 - DATOS DE LONGITUD FIJA--INFORMACIÓN GENERAL
campo de control de longitud fija 070214s1914 it r ||||1| ita d
100 1# - ENTRADA PRINCIPAL--NOMBRE DE PERSONA
Nombre de persona Sertorio, Luigi.
9 (RLIN) 105848
245 13 - MENCIÓN DEL TÍTULO
Título La `culpa in concreto` nel diritto romano e nel diritto odierno /
Mención de responsabilidad, etc. Luigi Sertorio.
260 ## - PUBLICACIÓN, DISTRIBUCIÓN, ETC.
Lugar de publicación, distribución, etc. Torino :
Nombre del editor, distribuidor, etc. Fratelli Bocca,
Fecha de publicación, distribución, etc. 1914 (
Fabricante R. Simboli)
300 ## - DESCRIPCIÓN FÍSICA
Extensión 297 p. ;
Dimensiones 25 x 16 cm.
490 1# - MENCIÓN DE SERIE
Mención de serie Nuova collezione di áopere giurídiche ;
Designación de volumen o secuencia 181
650 04 - PUNTO DE ACCESO ADICIONAL DE MATERIA--TÉRMINO DE MATERIA
Término de materia o nombre geográfico como elemento de entrada Culpa jurídica.
9 (RLIN) 11512
830 0# - PUNTO DE ACCESO ADICIONAL DE SERIE-TÍTULO UNIFORME
Título uniforme Nuova collezione di áopere giurídiche ;
Designación de volumen o secuencia 181
9 (RLIN) 220577
852 ## - LOCALIZACIÓN
Ubicación ES-MaACL
Número de control de estantería F-6989
Holdings
Estatus retirado Estado de pérdida Estado de daño No para préstamo Biblioteca de origen Biblioteca actual Ubicación en estantería Fecha de adquisición Fuente de adquisición Total de préstamos Signatura topográfica completa Código de barras Visto por última vez Precio de reemplazo Tipo de ítem Koha
        Biblioteca del Ateneo de Madrid Biblioteca del Ateneo de Madrid Depósito 2 17/01/2008     F-6989 1149332 23/02/2023 23/02/2023 Libro impreso